000 00639nam a22001695i 4500
001 153025
003 ES-MaACL
005 20230906205004.0
008 000808s1880 sp |||| | spa d
040 _aCCPB | B
_bspa
_cCCPB | B
245 0 0 _aCatalogo de los cuadros de la Galería que perteneció al Excmo. Señor D. Luis de Portilla.
260 _aMadrid :
_b[s.n.],
_c1880 (
_fImp. y fundición de Tello)
300 _a103 p. ;
_c10 cm.
600 1 4 _aPortilla, Luis de.
_9131296
650 4 _aPintura-
_xColecciones.
_9139154
852 _aES-MaACL
_jT-406-F-10
_z-- Enc. hol.
_q-- Falto de la cub. original
_z-- Enc. en un vol. facticio
999 _c153025
_d153025